Normal view
MARC view
- Flannery, Brian P
Entry Personal Name
001 - CONTROL NUMBER
- control field: 26883
003 - CONTROL NUMBER IDENTIFIER
- control field: IN-BhIIT
005 - DATE AND TIME OF LATEST TRANSACTION
- control field: 20251226165257.0
008 - FIXED-LENGTH DATA ELEMENTS
- fixed length control field: 251226|| aca||aabn | a|a d
040 ## - CATALOGING SOURCE
- Original cataloging agency: IN-BhIIT
- Transcribing agency: IN-BhIIT
100 ## - HEADING--PERSONAL NAME
- Personal name: Flannery, Brian P
670 ## - SOURCE DATA FOUND
- Source citation: Work cat.: (IN-BhIIT)15210: Press, William H. 14963, Numerical Recipes in FORTRAN 77:, 1992.